01249cam a22002651 4500001001300000003000400013005001700017008004100034010002300075040002200098041001100120050001900131100006100150240005200211245015600263260019400419300003200613500010000645504004100745600007100786710002900857710003900886740004100925999001700966he 67000078 DLC20260227111443.0851001s1966 is a b 000 0 eng  ahe 67000078 //r943 aDLC/ICUcICUdDLC1 aengrus00aTJ140.N3bD3231 aDanilevskiĭ, V. V.q(Viktor Vasilʹevich),d1898-1960.10aNartov i "I͡Asnoe zrelishche mashin."lEnglish10aNartov and his Theatrum machinarum.b(Nartov i "Yasnoe zrelishche mashin")cEdited by A.S. Britkin. Translated from Russian [and edited by IPST staff]. aJerusalem,bIsrael Program for Scientific Translations;b[available from the U.S. Dept. of Commerce, Clearinghouse for Federal Scientific and Technical Information, Springfield, Va.]c1966. axii, 307 p.billus.c24 cm. aPublished for the Smithsonian Institution and the National Science Foundation, Washington, D.C. aIncludes bibliographical references.10aNartov, Andreĭ Konstantinovich,d1693-1756.tTeatrum makhinarum.20aSmithsonian Institution.20aNational Science Foundation (U.S.)01aNartov i "Yasnoe zrelishche mashin". c32078d32078